000
00408nam a22001697a 4500
003
MPLRDC
005
20220104124308.0
008
210129b ||||| |||| 00| 0 eng d
020
_a
962-447-276-9
082
_a
788 QJ
100
_a
钱进、杨国庆编著
245
_a
名人初恋故事
_c
260
_a
_b
勤加缘出版社
_c
1993
300
_b
平
650
_a
名人合传
942
_c
BK
_o
788 QJ
999
_c
18189
_d
18179